Frequency Modulation / (Record no. 183461)

000 -LEADER
fixed length control field 00846 a2200181 4500
003 - CONTROL NUMBER IDENTIFIER
control field Nust
005 - DATE AND TIME OF LATEST TRANSACTION
control field 20221227172038.0
040 ## - CATALOGING SOURCE
Transcribing agency Nust
082 ## - DEWEY DECIMAL CLASSIFICATION NUMBER
Classification number 621.348152,STU
100 ## - MAIN ENTRY--PERSONAL NAME
Personal name Sturley, Kenneth Reginald.
9 (RLIN) 105643
245 ## - TITLE STATEMENT
Title Frequency Modulation /
Statement of responsibility, etc. K.R. Sturley
260 ## - PUBLICATION, DISTRIBUTION, ETC.
Place of publication, distribution, etc. Hulton Press
Name of publisher, distributor, etc. London
Date of publication, distribution, etc. 1942
300 ## - PHYSICAL DESCRIPTION
Extent 57 p
Other physical details illus
Dimensions 22 cm
505 ## - FORMATTED CONTENTS NOTE
Formatted contents note General Nature of the System (Page-1), The Advantages and Disadvantages of Frequency Modulated and Phase Modulated Transmission (Page-11), Methods of Modulating the Frequency or Phase a Carrier (Page-21), The Frequency Modulation Receiver (Page-37), The Frequency Modulation Receiver (Page-51), Frequency to Amplitude Conversion (Page-67), The Complete Receiver (Page-83).
600 ## - SUBJECT ADDED ENTRY--PERSONAL NAME
Personal name Sturley, Kenneth Reginald.
9 (RLIN) 105643
650 ## - SUBJECT ADDED ENTRY--TOPICAL TERM
Topical term or geographic name entry element Frequency modulation
9 (RLIN) 106105
942 ## - ADDED ENTRY ELEMENTS (KOHA)
Source of classification or shelving scheme
Koha item type Book
Holdings
Withdrawn status Lost status Source of classification or shelving scheme Damaged status Not for loan Permanent Location Current Location Shelving location Date acquired Full call number Barcode Date last seen Price effective from Koha item type Public note
          Military College of Signals (MCS) Military College of Signals (MCS) General Stacks 12/12/2016 621.348152,STU MCS20816 12/08/2016 12/12/2016 Book Almirah No.38, Shelf No.6
          Military College of Signals (MCS) Military College of Signals (MCS) General Stacks 12/12/2016 621.348152,STU MCS7037 12/08/2016 12/12/2016 Book Almirah No.84, Shelf No.3
          Military College of Signals (MCS) Military College of Signals (MCS) General Stacks 12/12/2016 621.348152,STU MCS7038 12/08/2016 12/12/2016 Book Almirah No.84, Shelf No.3
          Military College of Signals (MCS) Military College of Signals (MCS) General Stacks 12/12/2016 621.348152,STU MCS7039 12/08/2016 12/12/2016 Book Almirah No.84, Shelf No.3
          Military College of Signals (MCS) Military College of Signals (MCS) General Stacks 12/12/2016 621.348152,STU MCS7067 12/08/2016 12/12/2016 Book Almirah No.84, Shelf No.3
          Military College of Signals (MCS) Military College of Signals (MCS) General Stacks 12/12/2016 621.348152,STU MCS7092 12/08/2016 12/12/2016 Book Almirah No.84, Shelf No.3
© 2023 Central Library, National University of Sciences and Technology. All Rights Reserved.